U.N. Code of Conduct on Transnational Corporations : hearing before the Subcommittee on International Economic Policy, Trade, Oceans and Environment of the Committee on Foreign Relations, United States Senate, One Hundred First Congress, second session, October 11, 1990.

Bibliographic Details
Corporate Authors: United States. Congress. Senate. Committee on Foreign Relations. Subcommittee on International Economic Policy, Trade, Oceans, and Environment, ProQuest (Firm)
Format: Government Document eBook
Language:English
Published: Washington : U.S. G.P.O., 1990.
Series:U.S. Congressional Hearings.
Subjects:
Online Access:Connect to the full text of this electronic book

MARC

Tag First Indicator Second Indicator Subfields
LEADER 00000cam a22000001a 4500
001 in00003290539
006 m d f
007 cr bn mmmapmmp
008 091022s1990 dcu ob f000 0 eng d
005 20260504163908.7
035 |a cis2007459304 
040 |a UMI  |c UMI  |d UtOrBLW 
043 |a n-us--- 
074 |a 1039-A, 1039-B (MF) 
086 0 |a Y 4.F 76/2:S.hrg.101-1014 
099 |a HRG-1990-FOR-0009 
110 1 |a United States.  |b Congress.  |b Senate.  |b Committee on Foreign Relations.  |b Subcommittee on International Economic Policy, Trade, Oceans, and Environment. 
245 1 0 |a U.N. Code of Conduct on Transnational Corporations :  |b hearing before the Subcommittee on International Economic Policy, Trade, Oceans and Environment of the Committee on Foreign Relations, United States Senate, One Hundred First Congress, second session, October 11, 1990. 
264 1 |a Washington :  |b U.S. G.P.O.,  |c 1990. 
300 |a 1 online resource. 
336 |a text  |b txt  |2 rdacontent 
337 |a computer  |b c  |2 rdamedia 
338 |a online resource  |b cr  |2 rdacarrier 
490 1 |a S. hrg. ;  |v 101-1014 
500 |a Record is based on bibliographic data in ProQuest Congressional Hearings Digital Collection. Reuse except for individual research requires license from ProQuest, LLC. 
504 |a Includes bibliographical references. 
538 |a System requirements: PDF reader software. 
500 |a Electronic resource. 
650 0 |a International business enterprises  |x Law and legislation. 
655 7 |a Electronic books.  |2 local 
710 2 |a ProQuest (Firm) 
776 0 8 |i Print version:  |a United States. Congress. Senate. Committee on Foreign Relations. Subcommittee on International Economic Policy, Trade, Oceans and Environment.  |t U.N. Code of Conduct on Transnational Corporations  |w (DGPO)91063774  |w (OCoLC)23032124 
776 0 8 |i Microfiche version:  |a United States. Congress. Senate. Committee on Foreign Relations. Subcommittee on International Economic Policy, Trade, Oceans and Environment.  |t U.N. Code of Conduct on Transnational Corporations.  |d [Bethesda, Md.] : ProQuest,[2004]  |o CIS 91 S381-10  |w (ProQuest)cis09102341 
810 1 |a United States.  |b Congress.  |b Senate.  |t S. hrg. ;  |v 101-1014. 
830 0 |a U.S. Congressional Hearings. 
856 4 0 |u http://proxy.library.tamu.edu/login?url=https://congressional.proquest.com/congcomp/getdoc?HEARING-ID=HRG-1990-FOR-0009  |z Connect to the full text of this electronic book  |t 0 
998 |a cis09102341 
999 |a MARS 
999 f f |s edab2f6b-e435-3369-a913-876431f612e5  |i 2c81e5a4-9f3d-394a-8e6b-2fb40720e753  |t 0 
952 f f |a Texas A&M University  |b College Station  |c Electronic Resources  |s www_evans  |d Available Online  |t 0  |e HRG-1990-FOR-0009  |h Other scheme 
998 f f |a HRG-1990-FOR-0009  |t 0  |l Available Online